|
|
|
|
| LEADER |
01220nam a22002411 4500 |
| 001 |
c000055361 |
| 003 |
CARM |
| 005 |
00000000000000.0 |
| 008 |
851113s1954 nju 0 eng d |
| 019 |
1 |
|
|a 27023871
|z 4143411
|z 55532820
|z 57992791
|5 LACONCORD2021
|
| 035 |
|
|
|a (OCoLC)527647
|5 LACONCORD2021
|
| 111 |
2 |
0 |
|a Conference on Partial Differential Equations N.Y.
|d (1952)
|
| 245 |
1 |
0 |
|a Contributions to the theory of partial differential equations /
|c by S.Bergman and others; ed. by L.Bers, S.Bochner and F.John.
|
| 260 |
|
|
|a Princeton :
|b Princeton U.P.,
|c 1954.
|
| 490 |
1 |
|
|a Annals of mathematical studies / (Princeton University ;
|v no.33
|
| 500 |
|
|
|a Papers read at the Conference on Partial Differential Equations, sponsored by the National Academy of Sciences, National Research Council, October, 1952.
|
| 650 |
|
0 |
|a Differential equations, Partial.
|
| 700 |
1 |
|
|a Bers, Lipman.
|
| 830 |
|
0 |
|a Annals of mathematical studie (Princeton University) ;
|v no.33.
|
| 852 |
8 |
|
|b CARM
|h A2:AD02F0
|i C00417
|p 0024640
|f BK
|
| 082 |
0 |
4 |
|a 517.383
|
| 999 |
f |
f |
|i cabca9ab-24b5-55a3-a98e-c2429f8e92b3
|s 7f360fea-4f8a-5c2e-bba2-0b5e1ba4e4c8
|
| 952 |
f |
f |
|p Can circulate
|a CAVAL
|b CAVAL
|c CAVAL
|d CARM 1 Store
|e C00417
|f A2:AD02F0
|h Other scheme
|i book
|m 0024640
|